000 00737nmm a2200277 a 4500
003 AR-BaBNM
005 20251128203454.0
008 206019s1984 ||||||||||||||000 | spa||
020 _a950-537-063-6
040 _cAR-BaBNM
100 1 _aGarcía, Norberto
245 1 0 _aBalance de pagos
250 _a1ª ed.
260 _aBuenos Aires
_bEdiciones Macchi
_c1984
300 1 _axi, 149 p.
_btablas, cuadros
504 _aBibliografía al final del libro
650 4 _aESTADOS DE CUENTAS
650 4 _aCONTABILIDAD
650 4 _aPRODUCTIVIDAD
650 4 _aINGRESO
650 4 _aSISTEMAS MONETARIOS INTERNACIONALES
650 4 _aCOMERCIO INTERNACIONAL
700 1 _aBarra Ruatta, Orlando
942 _cBK
998 _cCarmen
999 _c3537
_d3537